| 000 -LEADER |
| fixed length control field |
01263 a2200325 4500 |
| 003 - CONTROL NUMBER IDENTIFIER |
| control field |
Nust |
| 005 - DATE AND TIME OF LATEST TRANSACTION |
| control field |
20170207154018.0 |
| 010 ## - LIBRARY OF CONGRESS CONTROL NUMBER |
| LC control number |
2007295030 |
| 020 ## - INTERNATIONAL STANDARD BOOK NUMBER |
| International Standard Book Number |
1932394885 (pbk.) |
| 020 ## - INTERNATIONAL STANDARD BOOK NUMBER |
| International Standard Book Number |
9781932394887 |
| 035 ## - SYSTEM CONTROL NUMBER |
| System control number |
(OCoLC)72151665 |
| 035 ## - SYSTEM CONTROL NUMBER |
| System control number |
(OCoLC)ocm72151665 |
| 040 ## - CATALOGING SOURCE |
| Transcribing agency |
Nust |
| 082 04 - DEWEY DECIMAL CLASSIFICATION NUMBER |
| Classification number |
005.133 |
| 100 1# - MAIN ENTRY--PERSONAL NAME |
| Personal name |
Bauer, Christian. |
| 245 10 - TITLE STATEMENT |
| Title |
Java persistence with Hibernate(E-BOOK) |
| Statement of responsibility, etc. |
Christian Bauer and Gavin King. |
| 250 ## - EDITION STATEMENT |
| Edition statement |
Rev. ed. |
| 260 ## - PUBLICATION, DISTRIBUTION, ETC. |
| Place of publication, distribution, etc. |
Greenwich, Conn. : |
| Name of publisher, distributor, etc. |
Manning ; |
| Place of publication, distribution, etc. |
London : |
| Name of publisher, distributor, etc. |
Pearson Education [distributor], |
| Date of publication, distribution, etc. |
2007. |
| 300 ## - PHYSICAL DESCRIPTION |
| Extent |
xxxiv, 841 p. : |
| Other physical details |
ill. ; |
| Dimensions |
24 cm. |
| 500 ## - GENERAL NOTE |
| General note |
Previous ed.: published as Hibernate in action. 2005. |
| 505 ## - FORMATTED CONTENTS NOTE |
| Formatted contents note |
PART 1 GETTING STARTED WITH HIBERNATE AND EJB 3.0 (Page-1), PART 2 MAPPING CONCEPTS AND STRATEGIES (Page-155), PART 3 CONVERSATIONAL OBJECT PROCESSING (Page-381) |
| 650 #0 - SUBJECT ADDED ENTRY--TOPICAL TERM |
| Topical term or geographic name entry element |
Computer software |
| General subdivision |
Development. |
| 650 #0 - SUBJECT ADDED ENTRY--TOPICAL TERM |
| Topical term or geographic name entry element |
Java (Computer program language) |
| 650 #0 - SUBJECT ADDED ENTRY--TOPICAL TERM |
| Topical term or geographic name entry element |
Object-oriented programming (Computer science) |
| 650 #0 - SUBJECT ADDED ENTRY--TOPICAL TERM |
| Topical term or geographic name entry element |
Relational databases. |
| 651 ## - SUBJECT ADDED ENTRY--GEOGRAPHIC NAME |
| Geographic name |
Java persistence with Hibernate(E-BOOK) |
| 700 1# - ADDED ENTRY--PERSONAL NAME |
| Personal name |
Bauer, Christian. |
| 700 1# - ADDED ENTRY--PERSONAL NAME |
| Personal name |
King, Gavin. |
| 856 42 - ELECTRONIC LOCATION AND ACCESS |
| Materials specified |
Publisher description |
| Uniform Resource Identifier |
<a href="http://www.loc.gov/catdir/enhancements/fy0716/2007295030-d.html">http://www.loc.gov/catdir/enhancements/fy0716/2007295030-d.html</a> |
| 942 ## - ADDED ENTRY ELEMENTS (KOHA) |
| Source of classification or shelving scheme |
|
| Koha item type |
Book |